| 000 | 00790namaa2200277 a 4500 | ||
|---|---|---|---|
| 001 | vtls001305442 | ||
| 003 | NLI | ||
| 005 | 20210627043901.0 | ||
| 008 | 120418s1979 dcu i000 0 eng | ||
| 039 | 9 |
_y201204181938 _zVLOAD |
|
| 040 | 0 |
_aNLI _cVTLS-2012_FOD _eAACR2 |
|
| 041 | 0 | _aeng | |
| 044 | _adcu | ||
| 082 | 0 | 4 | _a359.1 |
| 110 | 1 |
_aUnited States. _bDepartment of Defense _9706104 |
|
| 245 | 1 | 0 | _aStatistics of navy medicine |
| 260 |
_aWashington, D.C. : _bUnited States Government Printing Office, _c1979 |
||
| 300 |
_a-v. ; _c23 cm. |
||
| 500 | _aLibrary has v.36,no.4 | ||
| 650 | 0 |
_aNavies _xMedicine _9725333 |
|
| 650 | 0 |
_aNaval art and science _9710684 |
|
| 887 | _a | ||
| 901 |
_aAD 131538 _b23.10.2010 _9v.36,no.4 |
||
| 902 | _aU.S 359.1 Un 3 | ||
| 942 |
_2ddc _cBKS |
||
| 999 |
_c596121 _d596121 |
||